បច្ចេកទេសដាំដុះ និងការថែទាំកូនកៅស៊ូនៅក្រុមហ៊ុនចំការកៅស៊ូជុប (Record no. 388)

000 -LEADER
fixed length control field 00559nam a22001577a 4500
003 - CONTROL NUMBER IDENTIFIER
control field OSt
005 - DATE AND TIME OF LATEST TRANSACTION
control field 20150913160323.0
008 - FIXED-LENGTH DATA ELEMENTS--GENERAL INFORMATION
fixed length control field 150913b xxu||||| |||| 00| 0 eng d
040 ## - CATALOGING SOURCE
Transcribing agency RUA
082 ## - DEWEY DECIMAL CLASSIFICATION NUMBER
Classification number AGR ម៉ែន​ 1996 B016 Or.1
100 ## - MAIN ENTRY--PERSONAL NAME
9 (RLIN) 409
Personal name ម៉ែន វិបុល
245 ## - TITLE STATEMENT
Title បច្ចេកទេសដាំដុះ និងការថែទាំកូនកៅស៊ូនៅក្រុមហ៊ុនចំការកៅស៊ូជុប
260 ## - PUBLICATION, DISTRIBUTION, ETC. (IMPRINT)
Place of publication, distribution, etc. Phnom Penh
Name of publisher, distributor, etc. RUA
Date of publication, distribution, etc. 1996
300 ## - PHYSICAL DESCRIPTION
Extent 90p.
Other physical details ill.
Dimensions 29cm.
942 ## - ADDED ENTRY ELEMENTS (KOHA)
Source of classification or shelving scheme
Koha item type AGR
Holdings
Price effective from Date last seen Permanent Location Not for loan Date acquired Date last checked out Source of classification or shelving scheme Total Checkouts Koha item type Barcode Lost status Damaged status Withdrawn status Current Location Full call number
2015-09-132015-09-13Library Block B 2015-09-13   AGRRUA003020   Library Block BAGR ម៉ែន​ 1996 B016 Or.1
2015-09-132023-02-17Library Block B 2015-09-132023-01-25 1AGRRUA004471   Library Block BAGR ម៉ែន​ 1996 B016 Or.2
មជ្ឈមណ្ឌលឯការនៃសាកលវិទ្យាល័យភូមិន្ទកសិកម្មចំការដូង

Powered by Koha